| 000 | 00416nam a22001457a 4500 | ||
|---|---|---|---|
| 008 | 230406b |||||||| |||| 00| 0 eng d | ||
| 040 |
_aNational Science Library _cNational Science Library |
||
| 080 |
_a338.964 _bK5 |
||
| 245 | _aChoose your small industry August 1965 | ||
| 260 |
_aNew Delhi: _bUdyog Bhawan, _c1965 |
||
| 300 | _axiv, 188p. | ||
| 650 | _aIndustry | ||
| 653 | _aMarine products | ||
| 942 |
_2udc _cBK |
||
| 999 |
_c19504 _d19504 |
||